000 00335nam a2200133Ia 4500
005 20251222143216.0
008 251222s9999||||xx |||||||||||||| ||spa||
020 _a84-220-1362-2
082 _a890.46/J81
100 _aWojtyla, Karol
245 0 _aHermano de Nuestro Dios:
264 _bBiblioteca de Autores Cristianos
942 _cLIB
999 _c13620
_d13620